[Event "Barcelona Sant Marti op-B 21st"]
[Site "Barcelona"]
[Date "2019.07.14"]
[Round "2"]
[White "Munoz Lozano, Jorge Manuel"]
[Black "Costa Frers, Octavi"]
[Result "0-1"]
[WhiteElo "1792"]
[BlackElo "1514"]
[PlyCount "108"]
[EventDate "2019.07.13"]
[EventType "swiss"]
[EventRounds "9"]
[EventCountry "ESP"]
[SourceTitle "EXT 2020"]
[Source "ChessBase"]
[SourceDate "2019.10.17"]
[SourceVersion "1"]
[SourceVersionDate "2019.10.17"]
[SourceQuality "1"]

1. c4 Nf6 2. Nc3 c6 3. Nf3 d5 4. d4 dxc4 5. e4 b5 6. Be2 e6 7. Bg5 Be7 8. e5 Nd5 9. Bxe7 Qxe7 10. Ne4 0-0 11. 0-0 Nd7 12. a4 N7b6 13. b3 cxb3 14. axb5 Bd7 15. Re1 cxb5 16. Qxb3 Qb4 17. Reb1 Qxb3 18. Rxb3 a6 19. Nc5 Rfc8 20. Ng5 Bc6 21. Nge4 Nc4 22. Bxc4 bxc4 23. Rba3 Nb4 24. Rc3 Bxe4 25. Nxe4 Nd5 26. Rca3 c3 27. Nc5 Rc6 28. Rb3 a5 29. Rxa5 Rac8 30. Ra2 Rb6 31. Rxb6 Nxb6 32. Kf1 Nd5 33. g3 g6 34. Rc2 Rb8 35. Ke2 Rb2 36. Kd1 Rb4 37. Nd7 Rxd4+ 38. Ke2 Kg7 39. h3 Nb4 40. Rxc3 Rxd7 41. f4 Nd5 42. Rc4 Rb7 43. Kf2 Rb2+ 44. Kf3 Rb3+ 45. Kf2 Rc3 46. Ra4 Rb3 47. Rc4 Rb4 48. Rc2 Rb3 49. Rc4 Ne3 50. Re4 Nf5 51. g4 Nh4 52. Rc4 Rxh3 53. Rc7 Rf3+ 54. Ke2 Rxf4 0-1

[Event "Barcelona Sant Marti op-B 21st"]
[Site "Barcelona"]
[Date "2019.07.13"]
[Round "1"]
[White "Costa Frers, Octavi"]
[Black "Albero Figueras, Emilio"]
[Result "1/2-1/2"]
[WhiteElo "1514"]
[BlackElo "1853"]
[PlyCount "62"]
[EventDate "2019.07.13"]
[EventType "swiss"]
[EventRounds "9"]
[EventCountry "ESP"]
[SourceTitle "EXT 2020"]
[Source "ChessBase"]
[SourceDate "2019.10.17"]
[SourceVersion "1"]
[SourceVersionDate "2019.10.17"]
[SourceQuality "1"]

1. Nf3 e6 2. c4 f5 3. d3 Nf6 4. Nc3 d5 5. cxd5 exd5 6. Bg5 c6 7. d4 h6 8. Bf4 Bd6 9. Bxd6 Qxd6 10. e3 0-0 11. Bd3 f4 12. 0-0 fxe3 13. fxe3 Bg4 14. e4 dxe4 15. Bxe4 Nxe4 16. Nxe4 Qd5 17. Nc3 Qc4 18. Qb3 Qxb3 19. axb3 Bxf3 20. Rxf3 Rxf3 21. gxf3 Nd7 22. Kf2 Nb6 23. Ne4 a6 24. Nc5 Rb8 25. Rg1 Kf7 26. Rg4 Nd5 27. Nd7 Re8 28. Ne5+ Kg8 29. h4 c5 30. Nc4 Nf6 31. Rf4 cxd4 1/2-1/2

[Event "Foment Martinenc op-B 21st"]
[Site "Barcelona"]
[Date "2019.06.08"]
[Round "7"]
[White "Costa Frers, Octavi"]
[Black "Quintana Griera, David"]
[Result "1-0"]
[WhiteElo "1571"]
[BlackElo "1774"]
[PlyCount "81"]
[EventDate "2019.04.27"]
[EventType "swiss"]
[EventRounds "9"]
[EventCountry "ESP"]
[SourceTitle "EXT 2020"]
[Source "ChessBase"]
[SourceDate "2019.10.17"]
[SourceVersion "1"]
[SourceVersionDate "2019.10.17"]
[SourceQuality "1"]

1. Nf3 Nc6 2. c4 e5 3. Nc3 Bb4 4. Nd5 d6 5. a3 Ba5 6. b4 Bb6 7. d3 Nge7 8. Nxb6 axb6 9. Bb2 0-0 10. b5 Na5 11. g3 f5 12. e3 f4 13. exf4 exf4 14. Bg2 Bg4 15. 0-0 Nf5 16. Bc1 fxg3 17. fxg3 Qf6 18. Bf4 g5 19. Bxg5 Bxf3 20. Qxf3 Qxg5 21. Qd5+ Kg7 22. Rf4 Kg6 23. Be4 Rf6 24. Raf1 Raf8 25. g4 h5 26. h3 Kh6 27. Rxf5 Rxf5 28. Bxf5 Qe3+ 29. Rf2 Qg3+ 30. Rg2 Qe1+ 31. Kh2 Qe5+ 32. Qxe5 dxe5 33. Re2 hxg4 34. hxg4 Re8 35. Be4 c5 36. bxc6 bxc6 37. Rb2 Kg5 38. Rxb6 Kxg4 39. c5 Kf4 40. Kg2 Ke3 41. Kf1 1-0

[Event "Foment Martinenc op-B 20th"]
[Site "Barcelona"]
[Date "2018.04.28"]
[Round "2"]
[White "Martinez Lopez, Ramon"]
[Black "Costa Frers, Octavi"]
[Result "1-0"]
[WhiteElo "1759"]
[BlackElo "1400"]
[PlyCount "59"]
[EventDate "2018.04.21"]
[EventType "swiss"]
[EventRounds "9"]
[EventCountry "ESP"]
[SourceTitle "CBM 184 Extra"]
[Source "ChessBase"]
[SourceDate "2018.06.28"]
[SourceVersion "1"]
[SourceVersionDate "2018.06.28"]
[SourceQuality "1"]

1. e4 e5 2. Nf3 Nf6 3. Nxe5 d6 4. Nf3 Nxe4 5. d3 Nf6 6. Nc3 Be7 7. Be2 0-0 8. 0-0 Nc6 9. Re1 d5 10. Bf4 Bb4 11. a3 Bd6 12. Bg5 Be6 13. d4 a6 14. Bd3 Be7 15. Ne2 Bg4 16. Ne5 Nxe5 17. dxe5 Nd7 18. Bxe7 Qxe7 19. f3 Be6 20. Ng3 Qc5+ 21. Kh1 Rfe8 22. f4 Nf8 23. f5 Bd7 24. Qg4 g6 25. Nh5 Kh8 26. Nf6 Re7 27. e6 fxe6 28. fxg6 Nxg6 29. Bxg6 hxg6 30. Qxg6 1-0

[Event "Barcelona Tres Peons-C 46th"]
[Site "Barcelona"]
[Date "2017.04.28"]
[Round "2.5"]
[White "Castillo Rosa, Jose Luis"]
[Black "Costa Frers, Octavi"]
[Result "1-0"]
[WhiteElo "1700"]
[BlackElo "1127"]
[PlyCount "89"]
[EventDate "2017.04.21"]
[EventType "swiss"]
[EventRounds "9"]
[EventCountry "ESP"]
[SourceTitle "EXT 2024"]
[Source "ChessBase"]
[SourceDate "2023.10.10"]
[SourceVersion "1"]
[SourceVersionDate "2023.10.10"]
[SourceQuality "1"]

1. e4 c5 2. c3 d6 3. Nf3 Nf6 4. Be2 Nxe4 5. Qa4+ Nc6 6. Qxe4 d5 7. Qe3 d4 8. Qe4 Bd7 9. 0-0 Qc7 10. cxd4 Nb4 11. a3 f5 12. Qe5 Qxe5 13. Nxe5 Nc2 14. Nxd7 Nxa1 15. Bb5 Kd8 16. dxc5 a6 17. Ba4 Rc8 18. d4 Nb3 19. Ne5 Nxc1 20. Rxc1 Rg8 21. Nf7+ Kc7 22. d5 Kb8 23. Nd2 g6 24. Bd7 Rc7 25. c6 Bg7 26. Nc4 Rf8 27. Ng5 b5 28. Na5 Ra7 29. Ne6 Be5 30. Nxf8 Bc7 31. b4 Bf4 32. Re1 Bd6 33. Ne6 f4 34. c7+ Bxc7 35. Nc6+ Ka8 36. Nxa7 Kxa7 37. Nxc7 Kb7 38. Ne8 e5 39. Rxe5 g5 40. Bc6+ Kc8 41. Re7 Kb8 42. Nd6 a5 43. Rb7+ Ka8 44. Nxb5 axb4 45. Rb6# 1-0